[Event "British Columbia-ch"]
[Site "Vancouver CAN"]
[Date "2018.10.07"]
[Round "4.4"]
[White "Kriventsov, Stanislav"]
[Black "Bremner, William"]
[Result "1/2-1/2"]
[WhiteElo "2361"]
[BlackElo "2155"]
[PlyCount "192"]
[EventDate "2018.10.05"]
[EventType "tourn"]
[EventRounds "1"]
[EventCountry "CAN"]

1. e4 c6 2. d4 d5 3. Nc3 dxe4 4. Nxe4 Bf5 5. Ng3 Bg6 6. Bc4 e6 7. N1e2 Bd6 8.
h4 h6 9. Nf4 Bxf4 10. Bxf4 Nf6 11. h5 Bh7 12. c3 Nbd7 13. Qe2 Nb6 14. Bb3 Nbd5
15. Be5 Qe7 16. a3 a5 17. O-O Nb6 18. c4 Nbd7 19. Bf4 O-O 20. Rfe1 Rfe8 21.
Rad1 Qd8 22. Rd2 Qb6 23. Ba4 Qa6 24. Be5 Rac8 25. Rc1 Red8 26. Bf4 Nb6 27. Bb3
a4 28. Ba2 Qa5 29. Rcd1 Qa6 30. Be5 Nbd7 31. Bd6 Nb6 32. Be7 Rd7 33. Bxf6 gxf6
34. Qg4+ Kf8 35. Qf4 Kg7 36. Rc1 Qa5 37. c5 Nd5 38. Qg4+ Kh8 39. Re2 Rg8 40.
Qf3 Kg7 41. Ne4 Bxe4 42. Qxe4 Qb5 43. Bc4 Qa5 44. Bd3 f5 45. Qe5+ Nf6 46. Bc4
Qc7 47. Qe3 Ng4 48. Qh3 Rxd4 49. f3 Qf4 50. Ree1 Rxc4 51. Rxc4 Qxc4 52. fxg4
Qxg4 53. Qxg4+ fxg4 54. Re4 Kf6 55. Rxa4 Kg5 56. Rb4 Rb8 57. a4 g3 58. Kf1 Ra8
59. Rxb7 Rxa4 60. Rxf7 Rc4 61. Rg7+ Kf4 62. Rf7+ Kg4 63. Rg7+ Kf4 64. Rf7+ Ke4
65. Rf3 Rc1+ 66. Ke2 Rc2+ 67. Kf1 Rxc5 68. Rxg3 Rxh5 69. Rc3 c5 70. Ke2 Re5 71.
g3 Kd4+ 72. Kd2 c4 73. Rf3 Rf5 74. Ra3 Rf2+ 75. Kc1 Rg2 76. Ra6 Kd5 77. Ra5+
Kd4 78. Ra6 Re2 79. Rd6+ Kc5 80. Rd8 e5 81. Rh8 Rh2 82. g4 Rg2 83. Rxh6 Rxg4
84. Kd2 Rg3 85. Rh8 Rb3 86. Kc2 Kd4 87. Rd8+ Ke3 88. Rc8 Kd4 89. Rd8+ Kc5 90.
Rc8+ Kd5 91. Rd8+ Ke4 92. Rc8 Rb4 93. Kc3 Rb3+ 94. Kc2 Kd5 95. Rd8+ Kc5 96.
Rc8+ Kd4 1/2-1/2

[Event "British Columbia-ch"]
[Site "Vancouver CAN"]
[Date "2018.10.08"]
[Round "6.3"]
[White "Kriventsov, Stanislav"]
[Black "Sohal, Tanraj"]
[Result "1/2-1/2"]
[WhiteElo "2361"]
[BlackElo "2377"]
[PlyCount "22"]
[EventDate "2018.10.05"]
[EventType "tourn"]
[EventRounds "1"]
[EventCountry "CAN"]

1. e4 e6 2. d4 d5 3. Nc3 Nf6 4. Bg5 Bb4 5. e5 h6 6. Bd2 Bxc3 7. bxc3 Ne4 8. Qg4
g6 9. Bd3 Nxd2 10. Kxd2 c5 11. h4 Qe7 1/2-1/2